000 00326nam a2200145Ia 4500
008 230718s9999 xx 000 0 und d
041 _aEng.
082 _a342.14
_bMIL-T
100 _aMilada Broukal
245 0 _aTo efl word
260 _aPakistan
_bPeterson? Puble
_c2010
300 _a245
650 _aLaw
999 _c26693
_d26693